| 000 | 01050cam a2200409 4500500 | ||
|---|---|---|---|
| 005 | 20260329003209.0 | ||
| 041 | _afre | ||
| 042 | _adc | ||
| 100 | 1 | 0 |
_aLegros, Martin _eauthor |
| 245 | 0 | 0 | _aL’enfer, c’est les autres… Vraiment? |
| 260 | _c2015. | ||
| 500 | _a52 | ||
| 690 | _aAlain Finkielkraut | ||
| 690 | _aAltérité | ||
| 690 | _aAutre | ||
| 690 | _aAutrui | ||
| 690 | _aCélibat | ||
| 690 | _aCivilisation | ||
| 690 | _aDescartes | ||
| 690 | _aEric Klinenberg | ||
| 690 | _aHuis clos | ||
| 690 | _aHusserl | ||
| 690 | _aIdentité | ||
| 690 | _aIslam | ||
| 690 | _aLa Villeneuve | ||
| 690 | _aLevinas | ||
| 690 | _aMarc Crépon | ||
| 690 | _aMerleau-Ponty | ||
| 690 | _aPhénoménologie | ||
| 690 | _aSartre | ||
| 690 | _aSolitude | ||
| 690 | _aSujet | ||
| 690 | _aurbanisme | ||
| 690 | _aVille | ||
| 786 | 0 | _nPhilosophie magazine | 86 | 2 | 2015-02-01 | p. 41-41 | 1951-1787 | |
| 856 | 4 | 1 | _uhttps://shs.cairn.info/magazine-philosophie-magazine-2015-2-page-41?lang=fr&redirect-ssocas=7080 |
| 999 |
_c1822295 _d1822295 |
||